000
00291nam a2200121Ia 4500
008
190216s9999||||xx |||||||||||||| ||und||
100
_a
Gupta & Kumar
245
0
_a
Statistical Mechanics
260
_b
Goel Pub House
_c
1984
300
_a
383p
650
_a
Chemistry-Chemistry
942
_c
BK
999
_c
2424
_d
2424